| 000 | 00390nam a2200145 i 4500 | ||
|---|---|---|---|
| 001 | 45629 | ||
| 003 | ES-MaACL | ||
| 007 | t| | ||
| 008 | 030326s1915 sp ||||1| spa d | ||
| 100 | 1 |
_aColmo, Alfredo. _939780 |
|
| 245 | 1 | 4 |
_aLos paises de la América Latina / _cpor Alfredo Colmo. |
| 260 |
_aMadrid : _bHijos de Reus, _c1915. |
||
| 300 |
_a661 p. ; _c23 cm. |
||
| 852 |
_aES-MaACL _jB-5489 |
||
| 999 |
_c45629 _d45629 |
||